| 000 | 00635nam a2200193Ia 4500 | ||
|---|---|---|---|
| 003 | OSt | ||
| 005 | 20250305171650.0 | ||
| 008 | 210210b1996 xxu||||| |||| 00| 0 eng d | ||
| 040 | _cAL | ||
| 041 | _aKannada | ||
| 082 | _aK894.3 SHAU | ||
| 100 |
_aSHANTABAYI NILAGARA. _dಶಾಂತಾಬಾಯಿ ನೀಲಗಾರ _9204430 |
||
| 245 |
_aUttama grahini: Sadguni Krashnabayi _bಉತ್ತಮ ಗ್ರಹಿಣಿ: ಸದ್ಗುಣಿ ಕೃಷ್ಣಾಬಾಯಿ |
||
| 260 |
_aBengaluru _bKannada Sahithya Parishattu _c1996 |
||
| 300 | _axx,82 | ||
| 690 |
_aKannada Fiction _9204431 |
||
| 906 | _aSG04135 | ||
| 942 |
_2ddc _cSG |
||
| 999 |
_c114738 _d114738 |
||